LEADER 01387nam--2200409---450- 001 990000484170203316 005 20050311095943.0 035 $a0048417 035 $aUSA010048417 035 $a(ALEPH)000048417USA01 035 $a0048417 100 $a20010530d1993----km-y0itay0103----ba 101 $aita 102 $aIT 105 $a||||||||001yy 200 1 $a<> isole britanniche$fCarlo Cencini, Maria Luisa Scarin 210 $aBologna$cPatron$d1993 215 $a191 p.$cill.$d24 cm 225 2 $aGeografia e organizzazione dello sviluppo territoriale$iStudi regionali e monografici$v11 410 $12001$aGeografia e organizzazione dello sviluppo territoriale$iStudi regionali e monografici$v11 606 0 $aGran Bretagna 676 $a914.1 700 1$aCENCINI,$bCarlo$0438140 701 1$aSCARIN,$bMaria Luisa$0269824 801 0$aIT$bsalbc$gISBD 912 $a990000484170203316 951 $aIII.1. Coll.2/ 9(I C COLL. 65/11)$b116843 LM$cI C 951 $aIII.1. Coll.2/ 9a(I C COLL. 65/11a)$b48417 LM$cI C 951 $aIII.1. Coll.2/ 9b(I C COLL. 65/11bis)$b164135 LM$cI C 959 $aBK 969 $aUMA 979 $aPATTY$b90$c20010530$lUSA01$h1754 979 $c20020403$lUSA01$h1657 979 $aPATRY$b90$c20040406$lUSA01$h1634 979 $aCOPAT1$b90$c20050311$lUSA01$h0959 996 $aIsole britanniche$9888331 997 $aUNISA LEADER 01329oam 2200409zu 450 001 9910873080203321 005 20241212215027.0 035 $a(CKB)111026746752134 035 $a(SSID)ssj0000450709 035 $a(PQKBManifestationID)12229858 035 $a(PQKBTitleCode)TC0000450709 035 $a(PQKBWorkID)10443674 035 $a(PQKB)10440779 035 $a(NjHacI)99111026746752134 035 $a(EXLCZ)99111026746752134 100 $a20160829d1991 uy 101 0 $aeng 135 $aur||||||||||| 181 $ctxt 182 $cc 183 $acr 200 10$aIEEE Third International Conference on Properties and Applications of Dielectric Materials, 1991 210 31$a[Place of publication not identified]$cIEEE$d1991 215 $a1 online resource (xx, 1276, 5 pages) $cillustrations 300 $aBibliographic Level Mode of Issuance: Monograph 311 08$a9780879425685 311 08$a0879425687 320 $aIncludes bibliographical references and index. 606 $aDielectrics$vCongresses 615 0$aDielectrics 676 $a620.1/1297 712 02$aIEEE, Society Staff 801 0$bPQKB 906 $aBOOK 912 $a9910873080203321 996 $aIEEE Third International Conference on Properties and Applications of Dielectric Materials, 1991$92494753 997 $aUNINA